Southville International School and Colleges
Your cart is empty.
  • Cart
  • Lists
    Public lists Eva Luna New books Lux_list list_1
    Your lists Log in to create your own lists
  • Log in to your account
  • Your cookies
  • Search history
Southville International School and Colleges
  • Advanced search
  • Recent comments
  • Most popular
  • Libraries

Log in to your account

Log in with GOOGLE


If you do not have an external account, but do have a local account, you can still log in:

  1. Home
  2. MARC view: Chicken soup for the soul
Normal view MARC view ISBD view

Chicken soup for the soul (Record no. 15068)

[ view plain ]
MARC details
000 -LEADER
fixed length control field 01438cam a2200385 a 4500
001 - CONTROL NUMBER
control field 3969372
003 - CONTROL NUMBER IDENTIFIER
control field OSt
005 - DATE AND TIME OF LATEST TRANSACTION
control field 20140310182647.0
008 - FIXED-LENGTH DATA ELEMENTS--GENERAL INFORMATION
fixed length control field 931021s1993 flua 000 0 eng d
010 ## - LIBRARY OF CONGRESS CONTROL NUMBER
LC control number 94178730
020 ## - INTERNATIONAL STANDARD BOOK NUMBER
International Standard Book Number 155874262X (pbk.) :
Terms of availability $12.00
035 ## - SYSTEM CONTROL NUMBER
System control number (OCoLC)29153134
040 ## - CATALOGING SOURCE
Original cataloging agency ViVb
Transcribing agency ViVb
Modifying agency OCl
-- DLC
042 ## - AUTHENTICATION CODE
Authentication code lccopycat
050 00 - LIBRARY OF CONGRESS CALL NUMBER
Classification number BL 624
Item number .C222 1995
082 00 - DEWEY DECIMAL CLASSIFICATION NUMBER
Classification number M 158.12
Item number C16 1995
082 00 - DEWEY DECIMAL CLASSIFICATION NUMBER
Classification number M 158.12
Item number C16 1993
245 00 - TITLE STATEMENT
Title Chicken soup for the soul
Remainder of title 101 stories to open the heart & rekindle the spirit
Statement of responsibility, etc [compiled by] Jack Canfield and Mark Victor Hansen
260 ## - PUBLICATION, DISTRIBUTION, ETC. (IMPRINT)
Place of publication, distribution, etc Deerfield Beach, FL
Name of publisher, distributor, etc Health Communications
Date of publication, distribution, etc c1995
-- c1993
300 ## - PHYSICAL DESCRIPTION
Extent 309 p.
Other physical details ill.
Dimensions 22 cm.
521 ## - TARGET AUDIENCE NOTE
Target audience note
526 ## - STUDY PROGRAM INFORMATION NOTE
Reading level 0L to 1700L
541 ## - IMMEDIATE SOURCE OF ACQUISITION NOTE
-- 1
541 ## - IMMEDIATE SOURCE OF ACQUISITION NOTE
-- 2
562 ## - COPY AND VERSION IDENTIFICATION NOTE
Number of copies 2
650 #0 - SUBJECT ADDED ENTRY--TOPICAL TERM
Topical term or geographic name as entry element Spiritual life.
700 1# - ADDED ENTRY--PERSONAL NAME
Personal name Canfield, Jack,
Dates associated with a name 1944-
700 1# - ADDED ENTRY--PERSONAL NAME
Personal name Hansen, Mark Victor.
856 42 - ELECTRONIC LOCATION AND ACCESS
Materials specified Publisher description
Uniform Resource Identifier <a href="http://www.loc.gov/catdir/enhancements/fy0727/94178730-d.html">http://www.loc.gov/catdir/enhancements/fy0727/94178730-d.html</a>
856 41 - ELECTRONIC LOCATION AND ACCESS
Materials specified Sample text
Uniform Resource Identifier <a href="http://www.loc.gov/catdir/enhancements/fy0727/94178730-s.html">http://www.loc.gov/catdir/enhancements/fy0727/94178730-s.html</a>
856 42 - ELECTRONIC LOCATION AND ACCESS
Materials specified Contributor biographical information
Uniform Resource Identifier <a href="http://www.loc.gov/catdir/enhancements/fy0735/94178730-b.html">http://www.loc.gov/catdir/enhancements/fy0735/94178730-b.html</a>
906 ## - LOCAL DATA ELEMENT F, LDF (RLIN)
a 7
b cbc
c copycat
d 3
e ncip
f 19
g y-gencatlg
942 ## - ADDED ENTRY ELEMENTS (KOHA)
Source of classification or shelving scheme Library of Congress Classification
Koha item type Books
Call number prefix
Holdings
Withdrawn status Lost status Source of classification or shelving scheme Damaged status Home library Current library Shelving location Date acquired Total Checkouts Total Renewals Full call number Barcode Date last seen Date checked out Copy number Price effective from Koha item type
    Library of Congress Classification   College Library College Library General Circulation Section 04/18/2012 2 1 BL 624 .C222 1993 C8160 05/15/2018 05/06/2016 2 04/18/2012 Books
    Library of Congress Classification   College Library College Library General Circulation Section 05/28/2013     BL 624 .C222 1993 c8162 05/15/2018   1 05/28/2013 Books

Chicken soup for the soul

APA

Canfield J., Hansen M. V., . (1995). Chicken soup for the soul. Deerfield Beach, FL: Health Communications.

Chicago

Canfield Jack, Hansen Mark Victor, . 1995. Chicken soup for the soul. Deerfield Beach, FL: Health Communications.

Harvard

Canfield J., Hansen M. V., . (1995). Chicken soup for the soul. Deerfield Beach, FL: Health Communications.

MLA

Canfield Jack, Hansen Mark Victor, . Chicken soup for the soul. Deerfield Beach, FL: Health Communications. 1995.

  • Place hold
  • Print
  • Cite
  • Add to your cart (remove)
  • Save record
    BIBTEX Dublin Core MARCXML MARC (non-Unicode/MARC-8) MARC (Unicode/UTF-8) MARC (Unicode/UTF-8, Standard) MODS (XML) RIS
  • More searches
    Search for this title in:
    Other Libraries (WorldCat) Other Databases (Google Scholar) Online Stores (Bookfinder.com) Open Library (openlibrary.org)

Exporting to Dublin Core...

SOUTHVILLE LIBRARY

Southville International School and Colleges Library

1281 Tropical Ave. Cor. Luxembourg St., BF Homes International, Las Pinas City

Tel. No. 8256374 / 252358 Loc. 117/146

Powered by Koha